The culture of sectarianism : community, history, and violence in nineteenth-century Ottoman Lebanon
Αποθηκεύτηκε σε:
| Κύριος συγγραφέας: | |
|---|---|
| Μορφή: | Βιβλίο |
| Γλώσσα: | English |
| Δημοσίευση: |
Berkeley, Calif. :
University of California Press,
2000
|
| Θέματα: | |
| Ετικέτες: |
Προσθήκη ετικέτας
Δεν υπάρχουν, Καταχωρήστε ετικέτα πρώτοι!
|
MARC
| LEADER | 00000nam a2200000 i 4500 | ||
|---|---|---|---|
| 001 | 1/70359 | ||
| 008 | 080115s2000 eng d | ||
| 020 | |a 0-520-21846-9 (pbk.) | ||
| 035 | |l 10093657 | ||
| 040 | |a GR-MY-UA |b gre |e aacr | ||
| 041 | 0 | |a eng | |
| 082 | 0 | |a 956.92034 |2 (22) | |
| 100 | 1 | |a Makdisi, Ussama Samir |d 1968- | |
| 245 | 1 | 4 | |a The culture of sectarianism : |b community, history, and violence in nineteenth-century Ottoman Lebanon / |c Ussama Makdisi |
| 260 | |a Berkeley, Calif. : |b University of California Press, |c 2000 | ||
| 300 | |a xv, 259 σ.; |b χάρτες; |c 24 εκ. | ||
| 504 | |a Βιβλιογραφία: σ. 231-249 | ||
| 504 | |a Ευρετήριο: σ. 251-259 | ||
| 650 | 0 | 0 | |a Religion and politics |z Lebanon |x History |y 19th century. |
| 650 | 0 | 0 | |a Elite (Social Sciences) |z Lebanon |x History |y 19th century. |
| 651 | 0 | |a Lebanon |x Politics and government |y 19th century. | |
| 651 | 0 | |a Turkey |x Politics and government |y 19th century. | |
| 852 | |a INST |b LESVOS |e 20080115 |h 956.92034 MAK |p 005100040322 |q 005100040322 |t BK |y 0 | ||
| 901 | |a BIBL1-2008-1 | ||
| 909 | |a Λ |b 142735 | ||
| 922 | |a 1ΕΛΗ |b 200712 |c ΕΠΕΑΕΚ2/ΤΚΑ |d ΕΛΕΥΘΕΡΟΥΔΑΚΗΣ | ||
| 970 | |a ΚΑΡΑ |b ΓΙΑΣΕΜΗ |z 2008/01/15 | ||